000
00247nam a22001097a 4500
082
_a
923.1973 KIS'Y
100
_a
KISSINGER, HENRY
_9
46579
245
_a
YEARS OF UPHEAVAL
260
_a
BOSTON
_b
LITTLE, BROWN
_c
1982
300
_a
1283P
942
_c
BK
999
_c
580253
_d
580253